Medzinárodné desatinné triedenie (verzia 2004) : aktualizácia vybraných znakov MDT pre súborný katalóg periodík /
Uložené v:
| Ďalší autori: | , , |
|---|---|
| Médium: | Kniha |
| Jazyk: | Slovak |
| Vydané: |
Bratislava :
Univerzitná knižnica,
2006
|
| Vydanie: | [1. vyd.] |
| Edícia: | Metodika
|
| Témy: | |
| ISBN: |
8085170949 (brož.) |
| Fyzický popis: |
171 s. ; 29 cm |
| Tagy: |
Pridať tag
Žiadne tagy, Buďte prvý kto otaguje tento záznam!
|
Titul je dostupný aj v ... 

MARC
| LEADER | 00000nam a2200000 a 4500 | ||
|---|---|---|---|
| 001 | 000282964 | ||
| 005 | 20070215130324.0 | ||
| 008 | 061110s2006 xo e 001 0 sloo | ||
| 020 | |a 8085170949 (brož.) | ||
| 040 | |a SVKKK |b slo |c SVKKK |e AACR2 | ||
| 041 | 0 | |a slo | |
| 044 | |a xo |c SK | ||
| 072 | 7 | |a 025 |x Organizácia knižníc a knižničných fondov |2 konspekt | |
| 080 | |a 025.45 |2 1997 | ||
| 080 | |a 019.6 |2 1997 | ||
| 080 | |a 050 |2 1997 | ||
| 080 | |a (035) |2 1997 | ||
| 245 | 0 | 0 | |a Medzinárodné desatinné triedenie (verzia 2004) : |b aktualizácia vybraných znakov MDT pre súborný katalóg periodík / |c [zostavili: Lýdia Sedláčková, Hana Vildnerová, Tatiana Kišová] |
| 250 | |a [1. vyd.] | ||
| 260 | |a Bratislava : |b Univerzitná knižnica, |c 2006 | ||
| 300 | |a 171 s. ; |c 29 cm | ||
| 440 | 0 | |a Metodika | |
| 500 | |a Údaj o zost. prevzatý z tiráže | ||
| 504 | |a Register | ||
| 650 | 0 | 7 | |a medzinárodné desatinné triedenie |2 SVKKKPH |
| 650 | 0 | 7 | |a súborné katalógy |2 SVKKKPH |
| 650 | 0 | 7 | |a periodiká |2 SVKKKPH |
| 655 | 7 | |a príručky |2 SVKKKPH | |
| 700 | 1 | |a Sedláčková, Lýdia, |d 1948- |4 com | |
| 700 | 1 | |a Vildnerová, Hana |4 com | |
| 700 | 1 | |a Kišová, Tatiana |4 com | |
| 919 | |a 80-85170-94-9 | ||
| 998 | |a BK | ||
| 090 | |g SCKHL |k ODSF - kancelária 1 |a V.216630 |j 984354 |i 2720085296 |s Príručka / Študovňa | ||
| 090 | |g SCKHL |k Sklad Pribinova 2. posch. |a V.216629 |j 984353 |i 2720085297 |4 Poškodená |s Vyradená | ||
| 090 | |g SCKHL |k Sklad Hlavná 10 prízemie |a V.216627 |j 984351 |i 2720085299 |s Absenčne | ||
| 090 | |g SCKHL |k Sklad Hlavná 10 prízemie |a V.216628 |j 984352 |i 2720085298 |s Absenčne | ||
| 090 | |g SCKHL |k Sklad Hlavná 10 prízemie |a V.216631 |j 984355 |i 2720085300 |s Absenčne | ||